书目信息 |
| 题名: |
教父学研究
|
|
| 作者: | 王晓朝 著 | |
| 分册: | ||
| 出版信息: | 保定 河北大学出版社 2003 |
|
| 页数: | 273页 | |
| 开本: | 20cm | |
| 丛书名: | 清华哲学研究系列 | |
| 单 册: | ||
| 中图分类: | B503.1 | |
| 科图分类: | ||
| 主题词: | 教父哲学 | |
| 电子资源: | ||
| ISBN: | 7-81028-859-8 | |
| 000 | 00797nam2 2200241 45 | |
| 001 | 0405300937 | |
| 005 | 20040606155230.0 | |
| 010 | @a7-81028-859-8@dCNY18.00 | |
| 100 | @a20040530d2003 km y0chiy0120 ea | |
| 101 | 0 | @achi |
| 105 | @a z 000yy | |
| 200 | 1 | @a教父学研究@AJiao Fu Xue Yan Jiu@e文化视野下的教父哲学@EWen Hua Shi Ye Xia De Jiao Fu Zhe Xue@f王晓朝著@FWang Xiao Chao Zhu |
| 210 | @a保定@c河北大学出版社@d2003 | |
| 215 | @a273页@d20cm | |
| 225 | @a清华哲学研究系列@f万俊人主编 | |
| 410 | @12001 @a清华哲学研究系列 | |
| 410 | @1700 0@a万俊人@AWan Jun Ren@4主编 | |
| 517 | @a文化视野下的教父哲学@AWen Hua Shi Ye Xia De Jiao Fu Zhe Xue | |
| 606 | 0 | @a教父哲学 |
| 690 | @aB503.1@v4 | |
| 701 | 0 | @a王晓朝@4著 |
| 801 | @aCN@bTSTCL@c20040530 | |
| 905 | @b334714-718@dB503.1@e46@f5 | |
| 教父学研究:文化视野下的教父哲学/王晓朝著.-保定:河北大学出版社,2003 |
| 273页;20cm.-(清华哲学研究系列/万俊人主编) |
| ISBN 7-81028-859-8:CNY18.00 |
| ● |
| 相关链接 |
|
|
|
|
正题名:教父学研究
索取号:B503.1/46
 
预约/预借
| 序号 | 登录号 | 条形码 | 馆藏地/架位号 | 状态 | 备注 |
| 1 | 0334714 | 203347146 | 密集书库/ [索取号:B503.1/46] | 在馆 | |
| 2 | 0334715 | 203347155 | 第一借阅区/ [索取号:B503.1/46] | 在馆 | |
| 3 | 0334716 | 203347164 | 第一借阅区/ [索取号:B503.1/46] | 在馆 | |
| 4 | 0334717 | 203347173 | 密集书库/ [索取号:B503.1/46] | 在馆 | |
| 5 | 0334718 | 203347182 | 第一样本阅览室/ [索取号:B503.1/46] | 在馆 |